00438nmm a2200133Ia 4500008004100000020001800041041000800059100002600067245006700093264005200160300001800212650002300230856005100253251105s9999||||xx |||||||||||||||||und|| a9788416252282 aspa aRidao, José María 0aFilosofía accidental : ensayos sobre el hombre y el Absoluto a[Madrid, España] :bGalaxia Gutenberg, c2015 a280 páginas aPhilosophy, Ethics uhttps://public.digitaliapublishing.com/a/37384